| 000 | 00921cam a2200205 a 4500 | ||
|---|---|---|---|
| 020 | _a0716660016 (set) | ||
| 082 | 0 | 0 |
_a808.899282 _bCHI |
| 245 | 0 | 0 | _aChildcraft People and places |
| 250 | _a1987 ed. | ||
| 260 |
_a[Chicago : _bWorld Book, _cc1987] |
||
| 300 |
_a17 v. : _bcol. ill. ; _c26 cm. + _e3 col. posters in pocket. |
||
| 500 | _a"Portions of the text and certain illustrations previously published under the title of Childcraft--the how and why library"--T.p. verso. | ||
| 520 | _aIllustrated articles, stories, and poems, grouped thematically in fifteen volumes under titles including "World and Space," "About Animals," "How Things Work," and "Make and Do." | ||
| 526 |
_a0 _b0 _c0 _d808_899282000000000_CHI |
||
| 650 | 0 |
_aChildren's encyclopedias and dictionaries. _97168 |
|
| 650 | 1 |
_aEncyclopedias and dictionaries. _97170 |
|
| 650 | 1 |
_aMCE _9379 |
|
| 710 | 2 |
_aWorld Book, Inc. _929135 |
|
| 942 |
_2ddc _cBK |
||
| 999 |
_c550235 _d550235 |
||